000 00585nam a2200205Ia 4500
005 20250508151105.0
008 008 250505s9999 xx 000 0 eng d
037 _aTextual
040 _aFEDL
_beng
_cFEDL
041 _aeng
_2eng
084 _a300.7, MEL
_qFEDL
245 0 _aSocial studies for schools : A handbook for teachers
250 _a3 rev
260 _aLondon, UK
_bMelbourne University Press
_c1951
300 _ax, 91p
365 _aINR
_b4.8
650 _aSocial Sciences-Teaching
_9757285
942 _cTEXL
_h300.7, MEL
999 _c1327532
_d1327532